000 00217 a2200097 4500
001 42482
100 _aBurden R.A
245 _aFalklands the air war
260 _aLondon
_bArms & Armour p
_c
090 _c26395
_d26395
942 _aNUST-CAE
_cM
_c18219
999 _c277555
_d277555